| 000 | 00491cam a2200205 4500 | ||
|---|---|---|---|
| 001 | D2931 | ||
| 008 | 090401t1983 xxu||||| |||| 00| 0 eng d | ||
| 035 | _a(Sirsi) u71121 | ||
| 041 | _aeng | ||
| 050 | _a693.82 | ||
| 100 | _aCox, G. | ||
| 245 | _aComputer modelling of fire | ||
| 260 |
_aGarston, Watford _bBuilding Research Station _c1983 |
||
| 300 | _a4p. 30cm | ||
| 350 | _a0 | ||
| 490 |
_aBRE Information Paper _v2/83 |
||
| 700 | _aKumar, S. | ||
| 942 | _n0 | ||
| 948 | _c04/03/1997 | ||
| 999 |
_c95383 _d95383 |
||